00337 a2200109 4500001001000000005001700010008004100027245005400068100001700122773007100139999001700210ART_4678420260410162000.0260409a 10aCaracterísticas y retos de un mundo globalizado1 aLafer, Celso0 tArchivos del presenteg- Año 16, Nº 57/58 (ene. 2012)wREV28180 c31170d31170